ՀՀ Գիտությունների ազգային ակադեմիայի հիմնարար գիտական գրադարան  =   Fundamental Scientific Library of NAS RA

Наполеон и Александр I : (Record no. 99211)

MARC details
000 -LEADER
fixed length control field 01080nam a2200229 u 4500
001 - CONTROL NUMBER
control field 000273235
003 - CONTROL NUMBER IDENTIFIER
control field AM-YeHGA
005 - DATE AND TIME OF LATEST TRANSACTION
control field 20250617125521.0
008 - FIXED-LENGTH DATA ELEMENTS--GENERAL INFORMATION
fixed length control field 031017s1910 ru r 000 0 rus d
040 ## - CATALOGING SOURCE
Original cataloging agency AM-YeHGA
041 1# - LANGUAGE CODE
Language code of text/sound track or separate title rus
Language code of original fre
090 ## - LOCALLY ASSIGNED LC-TYPE CALL NUMBER (OCLC); LOCAL CALL NUMBER (RLIN)
-- 100522
100 1# - MAIN ENTRY--PERSONAL NAME
Personal name Вандаль, Альберт
245 10 - TITLE STATEMENT
Title Наполеон и Александр I :
Remainder of title Франко-рус. союз во время Первой империи /
Statement of responsibility, etc. А. Вандаль.
260 ## - PUBLICATION, DISTRIBUTION, ETC.
Place of publication, distribution, etc. Санкт-Петербург :
Name of publisher, distributor, etc. Знание,
Date of publication, distribution, etc. 1910-
300 ## - PHYSICAL DESCRIPTION
Extent том
505 00 - FORMATTED CONTENTS NOTE
Miscellaneous information Т. 1 (1910; XX,534 с., [2] л. портр. : Пер. с 6-го фр. изд. В. Шиловой) ж
-- Т. 2 (1911; 590 с., [2] л. портр. : Пер. с 5-го фр. изд. В. Шиловой) ж
-- Т. 3 (1913 ; 609 с.,2 л. портр. : Пер. с 6-го фр. изд. В. Шиловой) :
600 04 - SUBJECT ADDED ENTRY--PERSONAL NAME
Personal name Наполеон
Numeration I
Titles and other words associated with a name фр. имп.,
Dates associated with a name 1769-1821
600 04 - SUBJECT ADDED ENTRY--PERSONAL NAME
Personal name Александр
Numeration I
Titles and other words associated with a name имп.,
Dates associated with a name 1777-1825
650 14 - SUBJECT ADDED ENTRY--TOPICAL TERM
Topical term or geographic name entry element История
General subdivision Франко-русский союз
942 ## - ADDED ENTRY ELEMENTS (KOHA)
Source of classification or shelving scheme Universal Decimal Classification
Koha item type Գրքեր / Books
Holdings
Withdrawn status Lost status Source of classification or shelving scheme Damaged status Not for loan Collection Home library Current library Date acquired Serial enumeration / chronology Total checkouts Full call number Barcode Date last seen Price effective from Koha item type Public note
    Universal Decimal Classification     General Fundamental Scientific Library Fundamental Scientific Library 22/12/2016 Т. 1   PII/638811 120638811 22/12/2016 22/12/2016 Գրքեր / Books 30 Days Loan
    Universal Decimal Classification     General Fundamental Scientific Library Fundamental Scientific Library 22/12/2016 Т. 2   PII/638812 120638812 22/12/2016 22/12/2016 Գրքեր / Books 30 Days Loan
    Universal Decimal Classification     General Fundamental Scientific Library Fundamental Scientific Library 22/12/2016 Т. 3   PII/638813 120638813 22/12/2016 22/12/2016 Գրքեր / Books 30 Days Loan
    Universal Decimal Classification     General Fundamental Scientific Library Fundamental Scientific Library 22/12/2016 Т. 2   PII/487901 FL0262898 22/12/2016 22/12/2016 Գրքեր / Books 30 Days Loan
    Universal Decimal Classification     Kusikian Individual Collection Fundamental Scientific Library Fundamental Scientific Library 20/03/2025 Т. 1   Кус/1698 FL0686293 20/03/2025 20/03/2025 Գրքեր / Books ILL Non-Circ.
    Universal Decimal Classification     Kusikian Individual Collection Fundamental Scientific Library Fundamental Scientific Library 20/03/2025 Т. 2   Кус/1699 FL0686292 20/03/2025 20/03/2025 Գրքեր / Books ILL Non-Circ.
    Universal Decimal Classification     Kusikian Individual Collection Fundamental Scientific Library Fundamental Scientific Library 20/03/2025 Т. 3   Кус/1700 FL0686291 20/03/2025 20/03/2025 Գրքեր / Books ILL Non-Circ.


ՀՀ ԳԱԱ հիմնարար գիտական գրադարան
ՀՀ,Երևան 0019
Մարշալ Բաղրամյան 24/6
հեռախոս:(374-10) 52-47-50
Հետադարձ կապ

All site content, except where otherwise noted, is licensed under a
Creative Commons License